Кн. 2; Преобразование диффузионных процессов и их применения

Opis bibliograficzny
Parent link:Преобразование диффузионных процессов и их применения: в 2 кн./ И. Д. Черкасов. Кн. 2.— , 1988.— 5-292-00145-7
Język:rosyjski
Wydane: 1988
Hasła przedmiotowe:
Format: MixedMaterials Książka
KOHA link:https://koha.lib.tpu.ru/cgi-bin/koha/opac-detail.pl?biblionumber=168622

MARC

LEADER 00000nam2a2200000 4500
001 168622
005 20231031163147.0
020 |a RU  |b 88-78838 
035 |a (RuTPU)RU\TPU\book\182938 
090 |a 168622 
100 |a 20091029g1988 m y0rusy5003 ca 
101 0 |a rus 
102 |a RU 
105 |a y z 001zy 
200 0 |a Кн. 2 
210 |d 1988 
215 |a 120 с. 
320 |a Библиогр. в конце гл. 
461 1 |0 (RuTPU)RU\TPU\book\182937  |y 5-292-00145-7  |t Преобразование диффузионных процессов и их применения  |o в 2 кн.  |f  И. Д. Черкасов  |v Кн. 2  |d 1988 
610 1 |a диффузия 
610 1 |a математические исследования 
610 1 |a диффузионные процессы 
610 1 |a преобразования 
675 |a 519.21  |z rus 
801 0 |a RU  |b RuMRKP  |c 19950417  |g psbo 
801 1 |a RU  |b 63413507  |c 20091029 
801 2 |a RU  |b 63413507  |c 20110411  |g RCR 
942 |c BK